Danse avec les stars - les vainqueurs - Statistiques

Statistiques générales
  • Ce quiz a été pris 51 fois
  • Le résultat moyen est 11 sur 15
Statistiques - réponses
Saison Danseur / Danseuse Vainqueur % Correct
Saison 1 Katrina Patchett Matt Pokora
93%
Saison 14 Jordan Mouillerac Lénie
91%
Saison 15 Ana Riera Samuel Bambi
91%
Saison 4 Grégoire Lyonnet Alizée
88%
Saison 6 Denitsa Ikonomova Loïc Nottet
81%
Saison 13 Anthony Colette Natasha St Pier
79%
Saison 2 Maxime Dereymez Shy'm
79%
Saison 11 Fauve Hautot Tayc
79%
Saison 5 Denitsa Ikonomova Rayane Bensetti
70%
Saison 3 Fauve Hautot Emmanuel Moire
63%
Saison 12 Fauve Hautot Billy Crawford
58%
Saison 9 Denitsa Ikonomova Clément Rémiens
58%
Saison 7 Denitsa Ikonomova Laurent Maistret
58%
Saison 8 Candice Pascal Augustin Galiana
49%
Saison 10 Fauve Hautot Sami El Gueddari
37%
Aucun quiz correspondant
Distribution des résultats
% des personnes avec chaque résultat
Percentile par nombre de réponses
Votre historique - résultats
Vous n’avez pas pris ce quiz